000 00662nam a2200277Ia 4500
005 20260324141234.0
008 008 260324s9999 xx 000 0 eng d
020 _a9780429445361
037 _aEBOOK
040 _aCRL
040 _beng
040 _cCRL
041 _2eng
041 _aeng
084 _qCRL
100 _aRoberto Papini; Antonio Pavan; Stefano Zamagn
_91207445
245 0 _aLiving in the Global Society
260 _bTaylor and Francis
260 _c1997
365 _a
365 _b135
856 _uhttp://www.taylorfrancis.com/books/9780429445361
942 _cEBOOK
999 _c1810325
_d1810325